00951nam a2200277 i 4500001000300000003000400003005001700007008004100024015001600065020001500081040001400096080001100110080001000121100004300131245009100174250001500265260004800280300004100328500007100369504002200440650002800462650002100490700002300511710004200534856009700576bgBPK20200630132816.0971010s1988 pl a |000 0 pol  aPB 1989/673 a8301067381 aWA NcBPK a006.91 a531.71 aMassalski, Jerzy Michałd(1919-2008).10aLegalne jednostki miar i stałe fizyczne /cJerzy Michał Massalski, Julian Studnicki. aWyd. 3 zm. aWarszawa :bPańst. Wydaw. Naukowe,c1988. a270, [2] s. :brys., wykr. ;c24 cm. aWyd. poprz. ogł. pt. : Międzynarodowy układ jednostek miar SI. aBibliogr. s. 271. 4aJednostki miarxfizyka. 4aStałe fizyczne.1 aStudnicki, Julian.2 aPaństwowe Wydawnictwo Naukowe4pbl. uhttp://koha.tu.koszalin.pl/cgi-bin/koha/opac-detail.pl?biblionumber=3787yKatalog online BPK